1010 1145 1988 1868 1380 1788 1246 1156 1842 1831 1003 1740 1065 1151 1468 1567 1266 1718 1226 1820 1544 1883 1986 1519 1114 1221 1912 1960 1239 1461 1113 1185 1742 1632 1487 1573 1060 1821 1496 1874 1690 1728 1055 1579 1798 1001 1067 1290 1088 1777 1375 1606 1807 1481 1767 1913 1449 1057 1328 1799 1676 1037 1987 1553 1250 1651 1680 1060 1684 1789 1896 1908 1342 1849 1602 1796 1448 1021 1160 1509 1904 1036 1417 1069 1639 1552 1560 1879 1426 1572 1375 1305 1200 1257 1900 1772 1926 1387 1905 BCNSPRNW ULIB Ver.6.0+V

เปลี่ยนเป็นภาษาไทย

Change to English
 แสดงรายละเอียดบรรณานุกรม
  กลับหน้าหลัก

Brief Record : Get Marc (ISO 2709) : E-mail record : QR code < ปิดหน้าต่าง
LEADER : 00000nam 2200000uu 4500
001    13399114910
003     ULIB
008    120621s2554||||th 000 0 tha d
020    ^a9789740328636
060  4 ^aWT100^bป291ช
100 0  ^aประนอม โอทกานนท์
245 00 ^aชีวิตทีสุขสมบูรณ์ของผู้สูงอายุไทย^cประนอม โอทกานนท์
250    ^aพิมพ์ครั้งที่ 2
260    ^aกรุงเทพฯ:^bสำนักพิมพ์แห่งจุฬาลงกรณ์มหาวิทยาลัย,^c2554
300    ^a207 หน้า:^bตาราง,^c21 ซม
650  4 ^aผู้สูงอายุ
856    ^aเกษร
945    ^p180^l0^i032093
945    ^p180^l0^i032094
945    ^p180^l0^i032095
945    ^p180^l0^i032096
945    ^p180^l0^i032097
999    ^aใช้งานได้ทุกระบบ
รายการนี้ยังไม่มีแท็ก
คุณยังไม่ได้ล็อกอิน คุณสามารถมีกิจกรรมร่วมกับเว็บไซต์ได้ แต่ต้องล็อกอินก่อน ::
  ล็อกอิน

รายการสื่อสารสนเทศ

ลำดับที่ ประเภท เลขเรียก/บาร์โค้ด สถานที่ สถานะ
1. วิทยาศาสตร์การแพทย์ และสุขภาพ
หนังสือสำรอง
สถานะ=หนังสือสำรอง
WT100 ป291ช ฉ.1 
  Barcode: 032093
ห้องสมุดวิทยาเขตสวรรค์ประชารักษ์
►ส่วนจัดเก็บหนังสือเก่า สปร
บนชั้น
  ขอยืม
2. วิทยาศาสตร์การแพทย์ และสุขภาพ
วิทยาศาสตร์การแพทย์ และสุขภาพ
WT100 ป291ช ฉ.2 
  Barcode: 032094
ห้องสมุดวิทยาเขตสวรรค์ประชารักษ์
►ส่วนจัดเก็บหนังสือเก่า สปร
บนชั้น
  ขอยืม
3. วิทยาศาสตร์การแพทย์ และสุขภาพ
วิทยาศาสตร์การแพทย์ และสุขภาพ
WT100 ป291ช ฉ.3 
  Barcode: 032095
ห้องสมุดวิทยาเขตสวรรค์ประชารักษ์
►ส่วนจัดเก็บหนังสือเก่า สปร
บนชั้น
  ขอยืม
4. วิทยาศาสตร์การแพทย์ และสุขภาพ
วิทยาศาสตร์การแพทย์ และสุขภาพ
WT100 ป291ช ฉ.4 
  Barcode: 032096
ห้องสมุดวิทยาเขตสวรรค์ประชารักษ์
►ส่วนจัดเก็บหนังสือเก่า สปร
บนชั้น
  ขอยืม
5. วิทยาศาสตร์การแพทย์ และสุขภาพ
วิทยาศาสตร์การแพทย์ และสุขภาพ
WT100 ป291ช ฉ.5 
  Barcode: 032097
ห้องสมุดวิทยาเขตสวรรค์ประชารักษ์
►ส่วนจัดเก็บหนังสือเก่า สปร
บนชั้น
  ขอยืม

รายการใกล้เคียง
    ผู้แต่ง [ประนอม โอทกานนท์]

    หัวเรื่อง [ผู้สูงอายุ]

BibComment


ยังไม่เคยถูกคอมเมนท์

คอมเมนท์ทรัพยากรรายการนี้
  คอมเมนท์: ชีวิตทีสุขสมบูรณ..


 Copyright 2026. Bcnsprnw @Library